| 000 | 01234nam a2200361 c 4500 | ||
|---|---|---|---|
| 001 | 8092 | ||
| 003 | ES-MaCES | ||
| 005 | 20150929131757.0 | ||
| 008 | 980815s1996 sp o o000 | spa d | ||
| 017 |
_aM 42828-1996 _bDL |
||
| 024 | 7 |
_a076-96-076-0 _2nipo |
|
| 035 | _aCES19980085104m | ||
| 040 |
_aES-MaCES _bspa _cES-MaCES |
||
| 041 | 0 |
_aspa _aeng _afre |
|
| 245 | 0 | 3 |
_aLa industria española de defensa _cMinisterio de Defensa, Secretaría de Estado de la Defensa, Dirección General de Armamento y Material |
| 260 |
_a[Madrid] _bMinisterio de Defensa, Secretaría General Técnica _cD.L. 1996 |
||
| 300 |
_a47 p. _bfot. col. _c30 cm |
||
| 500 | _aTexto en español, inglés y francés | ||
| 541 | _cGratuito | ||
| 650 | 4 |
_adefensa _926777 |
|
| 650 | 4 |
_aindustria armamentista _930333 |
|
| 650 | 4 |
_aarmas _926688 |
|
| 650 | 4 |
_anormalización _928255 |
|
| 650 | 4 |
_acontrol de calidad _928253 |
|
| 650 | 4 |
_aEspaña _926964 |
|
| 653 | 1 | 0 | _aIndustria-Energía |
| 650 | 4 |
_927308 _aasociación |
|
| 710 | 1 |
_aEspaña _bMinisterio de Defensa _eed. _93233 |
|
| 710 | 1 |
_aEspaña _bDirección General de Armamento y Material _92775 |
|
| 902 | _aLIB Libro | ||
| 942 |
_2CES _cBK _h5.2. |
||
| 999 |
_c8092 _d8092 |
||